Positive health : (Record no. 1506)

MARC details
000 -LEADER
fixed length control field 01383pam a2200421 i 4500
001 - CONTROL NUMBER
control field data
005 - DATE AND TIME OF LATEST TRANSACTION
control field 20260322212103.0
008 - FIXED-LENGTH DATA ELEMENTS--GENERAL INFORMATION
fixed length control field data
035 ## - SYSTEM CONTROL NUMBER
System control number 1761943
010 ## - LIBRARY OF CONGRESS CONTROL NUMBER
LC control number 76022769
020 ## - INTERNATIONAL STANDARD BOOK NUMBER
International Standard Book Number 0812105729
020 ## - INTERNATIONAL STANDARD BOOK NUMBER
International Standard Book Number 9780812105728
035 ## - SYSTEM CONTROL NUMBER
-- (DLC) 76022769
040 ## - CATALOGING SOURCE
Original cataloging agency DLC
Transcribing agency DLC
Modifying agency DLC
042 ## - AUTHENTICATION CODE
Authentication code lcac
050 00 - LIBRARY OF CONGRESS CALL NUMBER
Classification number RA776
Item number .C964 1977
082 00 - DEWEY DECIMAL CLASSIFICATION NUMBER
Classification number 613
245 00 - TITLE STATEMENT
Title Positive health :
Remainder of title designs for action /
Statement of responsibility, etc. Mary K. Beyrer ... [et al.].
250 ## - EDITION STATEMENT
Edition statement 2d ed.
260 ## - PUBLICATION, DISTRIBUTION, ETC.
Place of publication, distribution, etc. Philadelphia :
Name of publisher, distributor, etc. Lea & Febiger,
Date of publication, distribution, etc. 1977.
300 ## - PHYSICAL DESCRIPTION
Extent ix, 185 p. ;
Dimensions 24 cm.
336 ## - CONTENT TYPE
Content type term text
Content type code txt
Source rdacontent
337 ## - MEDIA TYPE
Media type term unmediated
Media type code n
Source rdamedia
338 ## - CARRIER TYPE
Carrier type term volume
Carrier type code nc
Source rdacarrier
490 0# - SERIES STATEMENT
Series statement Health education, physical education, and recreation series
500 ## - GENERAL NOTE
General note Original ed., 1965 by W. P. Cushman and others.
504 ## - BIBLIOGRAPHY, ETC. NOTE
Bibliography, etc. note Includes bibliographies and index.
520 ## - SUMMARY, ETC.
Summary, etc. Discusses health problems facing young adults, including sexuality, drugs, nutrition, disease, and pollution.
650 #0 - SUBJECT ADDED ENTRY--TOPICAL TERM
Topical term or geographic name entry element Health.
650 #0 - SUBJECT ADDED ENTRY--TOPICAL TERM
Topical term or geographic name entry element Public health.
650 #1 - SUBJECT ADDED ENTRY--TOPICAL TERM
Topical term or geographic name entry element Health.
650 #1 - SUBJECT ADDED ENTRY--TOPICAL TERM
Topical term or geographic name entry element Public health.
700 1# - ADDED ENTRY--PERSONAL NAME
Personal name Beyrer, Mary K.
700 1# - ADDED ENTRY--PERSONAL NAME
Personal name Cushman, Wesley P.
Title of a work Positive health.
906 ## - LOCAL DATA ELEMENT F, LDF (RLIN)
a 7
b cbc
c orignew
d 1
e ocip
f 19
g y-gencatlg
991 ## -
-- c-GenColl
-- RA776
-- .C964 1977
-- Copy 1
-- BOOKS
Holdings
Withdrawn status Lost status Damaged status Not for loan Home library Current library Shelving location Date acquired Total checkouts Full call number Barcode Date last seen Price effective from Koha item type
        Riverside Riverside General stacks 22/03/2026   613 LOC-RPL-00053 22/03/2026 22/03/2026 Books